000 00977nam a22003137a 4500
001 BR9503170
003 BR-BrBNA
005 20230928094524.0
007 ta
008 230509b bl.||||| |||| 00| 0 por d
040 _aBR-BrBNA
_bpor
_cBiblioteca Nacional de Agricultura
041 _a(Por)
072 _aF01; F04
_b4420
090 _ 4420 BR9503170
100 1 _aSoria, L.G.T.
110 1 _aEscola Superior de Agricultura de Lavras, MG (Brasil)
_0Tese (Mestre em Solos e Nutricao de Plantas)
245 1 _aCrescimento e acumulacao de nutrientes em tres "tipos cultivados" de urucum (Bixa orellana), em fase de viveiro
260 3 _aLavras, MG (Brasil):
_c1993.
300 _a88 p.
500 _a41 tables; 34 ref.; Summaries (Eng, Por)
650 _aUrucum
650 _aViveiro
650 _aCrescimento
650 _aVariedade
650 _aFisiologia Nutricional
650 _aNutricao Vegetal
909 _a202309
_bLucia
_c55
_dLucia Elande
942 _cBK
999 _c51139
_d51139